La Imprenta en Oaxaca, 1720-1820

Αποθηκεύτηκε σε:
Λεπτομέρειες βιβλιογραφικής εγγραφής
Κύριος συγγραφέας: Medina, José Toribio autor
Μορφή: Βιβλίο
Γλώσσα:Ισπανικά
Έκδοση: Santiago Imprenta Elzeviriana 1904
Έκδοση:1a. ed
Θέματα:
Ετικέτες: Προσθήκη ετικέτας
Δεν υπάρχουν, Καταχωρήστε ετικέτα πρώτοι!

MARC

LEADER 00000nam a2200000 a 4500
001 UCJ6081
003 CL-VaPUC
005 20220122074359.0
008 070124e19040000CL |||||||||||||||||spa|d
999 |c 322189  |d 322187 
040 |c Pontificia Universidad Católica de Valparaíso 
082 0 4 |a 983  |b MED  |2 21 
100 |a Medina, José Toribio  |d autor  |9 864577 
245 1 3 |a La Imprenta en Oaxaca, 1720-1820 
250 |a 1a. ed 
260 |a Santiago  |b Imprenta Elzeviriana  |c 1904 
300 |a x, 19 p 
500 |a 8§.- Anteport.: La imprenta en Oaxaca (viñeta).- v.: (entre filetes) Tirada de 200 ejemplares.- Port. a dos tintas.- v. en bl.- Reproducción facsimilar de una portada.- Ultima pág.: marca de la tipografía. Chiappa-Feliú Cruz, N§ 148. Esta obra se encuentra empastada junto a otras de Medina en un volumen rotulado: Medina. La imprenta en varios pueb. del Perú. 1904 
583 |a last modification  |c 20180226 01:42:54  |k Rodrigo Vera 
650 0 |a Imprenta  |9 265883 
650 0 |a Bibliografías   |9 257071 
650 7 |a FACSIMILES  |2 CL-VaPUC  |9 460925 
651 7 |a OAXACA  |2 CL-VaPUC  |9 512297 
651 7 |a MEJICO  |2 CL-VaPUC  |9 350587 
942 |c BK  |2 ddc 
945 |d 20070124 00:00:00  |a rinostro 
952 |0 0  |1 0  |4 0  |6 983_000000000000000_MED_1904  |7 0  |8 X  |9 401121  |a FDOBUD  |b FDOBUD  |d 2019-11-22  |i 1043447  |o 983 MED 1904  |p 1043447  |r 2019-11-22  |w 2019-11-22  |y BK_X  |k BUD